000 00616nai a2200169Ia 4500
003 IN-BaIIA
008 211028c9999 xx s 000 0 eng d
022 _a2692-8388 (Online)
040 _cIIA Library
245 0 _aIEEE Journal of Microwaves
_h[eJournal]
260 _aNew York, USA
_bThe Institute of Electrical and Electronics Engineers, Inc. (IEEE)
310 _aAnnually
362 _a1; 2021 - Present
521 _bSubscribed through National Knowledge Resource Consortium (NKRC)
856 _uhttps://ieeexplore.ieee.org/xpl/RecentIssue.jsp?punumber=9171629
_yClick Here to Access eJournal
942 _cEJ
999 _c34520
_d34520